Feuerwehrgrundausbildung QS1 Teil 2 - Statistiken

Allgemein
  • Dieses Quiz wurde 17 mal gespielt
  • Das Durchschnittsergebnis liegt bei 9 aus 15
Antwortstatistiken
Frage Antwort % Korrekt
Wie nennt sich die Armatur zur Einleitung von Schaummittel in den angeschlossenen Schlauch? Zumischer
94%
Aus wie viel Teilen besteht die klassische Steckleiter 4
88%
Mit welchem Kleinlöschgerät sollten brennende Personen gelöscht werden? Löschdecke
81%
Welche Zumischrate sollte standartmäßig eingestellt sein? 3%
75%
Welche Brandklassen deckt ein Pulverlöscher i.d.R. ab? A, B, C
75%
Welches Kleinlöschgerät wendet die Löschwirkung des Erstickens an und wird für Flächen- und Waldbrände verwendet? Feuerpatsche
69%
Welche Schaumart kann i.d.R. nur mit Hilfe eines Lüfters generiert werden? Leichtschaum
69%
Welche Durchflussmenge hat ein C-Mehrzweckstrahlrohr (Angabe in: mit Mundstück, ohne Mundstück) 100L / 200L
63%
Wie werden die "Räder" am Verteiler oder Standrohr korrekt benannt? Niederschraubventile
63%
Was wird in der Zuleitung vom Hydrant zum Fahrzeug nur ein mal benötigt um den Trinkwasserschutz sicherzustellen? Systemtrenner
63%
Wie hoch ist die ungefähre Rettungshöhe dieser? 7m
56%
Wie nennt sich das "Gegenteil" zum Verteiler (1A2B oder 1A3B)? Sammelstück
56%
Womit wird das Schaummittel aus den Kanistern gesaugt (Größe und Art) D (An-) Saugschlauch
50%
Welche Zu- und Abgänge hat ein regulärer Verteiler nach vorherigem Muster? BCBC
19%
Was wird jeweils ein mal sowohl Fahrzeugseitig als auch Hydrantenseitig bei der Wasserentnahme benötigt? Absperrventil
0%
Keine übereinstimmenden Quizze gefunden
Verteilung der Resultate
Anzahl Personen mit jedem Resultat
Perzentil nach korrekt beantworteten Fragen
Ihre Resultats-Entwicklung
Sie haben dieses Quiz noch nicht gespielt